000 01246nam a2200337 i 4500
001 70340
003 Mx-PuUPA
005 20230912111235.0
008 230912s2021 nyu |||fr|||| 00| 0 eng d
020 _a9780367612337
_qrústica
040 _aMx-PuUPA
_bspa
_cMx-PuUPA
_dMx-PuUPA
_erda
041 0 _aspa
245 0 0 _aRoutledge handbook of digital media and communication /
_cedited by Leah A. Lievrouw and Brian D. Loader
250 _aFirst published
264 1 _aOxon, OX :
_bRoutledge,
_c2021
300 _axix, 385 páginas ;
_c25 cm
336 _2rdacontent
_atexto
_btxt
337 _2rdamedia
_asin medio
_bn
338 _2rdacarrier
_avolumen
_bnc
490 0 _aRoutledge International Handbooks
650 7 _2armarc
_aMedios digitales
_xAspectos sociales
650 7 _2armarc
_aMedios numéricos
_xAspecto social
650 7 _2armarc
_aSociedad de la información
650 7 _2armarc
_aInnovaciones tecnológicas
700 1 _aLievrouw, Leah A.,
_eeditor
_914822
700 1 _aLoader, Brian D.,
_eeditor
942 _2ddc
_cLAM
_h302.231
_iR852
999 _c70340
_d70340